LEADER 00981nam0-22003131i-450- 001 990005575160403321 005 20080513092504.0 010 $a2-08-210808-2 035 $a000557516 035 $aFED01000557516 035 $a(Aleph)000557516FED01 035 $a000557516 100 $a19990604d1978----km-y0itay50------ba 101 0 $afre 105 $ay-------001yy 200 1 $aCulture populaire et culture des élites dans la France moderne$e15.-18. siècles$eessai$fRobert Muchembled 210 $aParis$cFlammarion$dc1978 215 $a398 p.$d22 cm 225 1 $a<>histoire vivante 610 0 $aFrancia$aCultura$aSec. 15.-18. 676 $a306.0944 700 1$aMuchembled,$bRobert$f<1944- >$0205726 801 0$aIT$bUNINA$gRICA$2UNIMARC 901 $aBK 912 $a990005575160403321 952 $a306.09 MUC 1$bST.MED.MOD. 8712$fFLFBC 959 $aFLFBC 996 $aCulture populaire et culture des élites dans la France moderne$9607158 997 $aUNINA LEADER 01517nam a22002891i 4500 001 991002348519707536 005 20030809142049.0 008 030925s1976 rm |||||||||||||||||mul 035 $ab12276327-39ule_inst 035 $aARCHE-032389$9ExL 040 $aBiblioteca Interfacoltà$bita$cA.t.i. Arché s.c.r.l. Pandora Sicilia s.r.l. 041 0 $afrerum 082 04$a930.07 111 2 $aCongrès international d'études classiques$n<6. ;$d1974 ;$cMadrid>$0395078 245 10$aAssimilation et résistance à la culture gréco-romaine dans le monde ancien :$btravaux du VI Congrès international d'ètudes classiques : Madrid, septembre 1974 /$créunis et présentés par D. M. Pippidi 260 $aBucuresti :$bEditura academiei ;$aParis :$bLes Belles Lettres,$c1976 300 $a549 p. ;$c25 cm 500 $aIn testa al front.: Fédération internationale des associations d'études classiques 650 4$aMondo antico$xAtteggiamento verso la cultura greco-romana$xCongressi$y1974 700 1 $aPippidi, Dionisie M. 907 $a.b12276327$b02-04-14$c08-10-03 912 $a991002348519707536 945 $aLE001 AN XXI 132$g1$i2001000071869$lle001$op$pE0.00$q-$rl$sm $t0$u0$v0$w0$x0$y.i13905399$z22-10-04 945 $aLE002 Con. 3$g1$i2002000095145$lle002$o-$pE0.00$q-$rl$s- $t0$u0$v0$w0$x0$y.i12668461$z08-10-03 996 $aAssimilation et résistance à la culture gréco-romaine dans le monde ancien$9165411 997 $aUNISALENTO 998 $ale001$ale002$b08-10-03$cm$da $e-$fmul$grm $h0$i2